Descriptions de comptines pour enfants - Statistiques

Statistiques générales
  • Ce quiz a été pris 599 fois
  • Le résultat moyen est 8 sur 18
Statistiques - réponses
Description Comptines % Correct
Les voyages insolites d'un rongeur coloré. Une souris verte
75%
Un homme s'est construit une maison écolo pas vraiment solide. Pirouette Cacahuète
63%
Animal trouvé. Sera rendu contre rançon. Paiement en nature refusé. C'est la mère Michel
58%
L'aide précieuse d'un conseiller pour son souverain débraillé. Le Bon Roi Dagobert
56%
D'étonnantes façons de faire son potager. Savez-vous planter les choux ?
52%
La désertion d'un reptile avant l'assaut. Ah ! Les crocodiles
50%
Les bougies, c'est bien. Avec du feu, c'est mieux. Au clair de la lune
48%
Des gens font la fête sur un édifice détruit depuis six siècles. Sur le pont d'Avignon
48%
Un ecclésiastique doit appeler à la première prière du jour. Frère Jacques
47%
L'anthropophagie de nécessité chez les marins. Il était un petit navire
46%
Un enfant dénonce le harcèlement dont il est victime sur la plage. A la pêche aux moules
45%
L'interminable marathon d'un mustélidé. Il court, il court, le furet
44%
La pingrerie au service de la lutte contre le tabagisme. J'ai du bon tabac
40%
Un canidé passe en revue ses hâbits avant de dévorer des enfants. Loup y es-tu ? (Promenons-nous dans les bois)
40%
Un oiseau risque d'avoir bien froid. Alouette (gentille alouette)
30%
Un équidé souffrant se fait rhabiller de pied en cap. Mon Âne
19%
La danse comme moyen d'oublier la disette. Dansons la capucine
17%
Un curé encourage une fille après qu'elle a tué son chaton gourmand. Il était une bergère
6%
Aucun quiz correspondant
Distribution des résultats
% des personnes avec chaque résultat
Percentile par nombre de réponses
Votre historique - résultats
Vous n’avez pas pris ce quiz